000 00620nam a2200241 a 4500
001 nice12345678
003 IN_TiNIC
005 20260116014422.0
008 050524s2000 cama grp 000 0 eng
020 _a0946621
_c1001.65
082 0 0 _a297.1
_bEAT
245 _aRemembering God, Refletions on Islam
260 _aCambridge
_bIslamic Texts Society
_c2000
300 _a241p
500 _aincludes index and biblioraphy
505 2 _aBibliography, Index
650 _aIslam-20th Century
650 _aQuran-Appreciation
710 2 _aEatonGai
902 _bSRS
942 _cBK
999 _c15210
_d15210